| 000 -LEADER |
| fixed length control field |
00501cam a22001457a 4500 |
| 008 - FIXED-LENGTH DATA ELEMENTS--GENERAL INFORMATION |
| fixed length control field |
180718b-- xxu||||| |||| 00| 0 eng d |
| 082 ## - DEWEY DECIMAL CLASSIFICATION NUMBER |
| Classification number |
T19065x5421 E/1990 |
| 100 ## - MAIN ENTRY--PERSONAL NAME |
| Personal name |
Uttar Pradesh. State Planning Institute. Economics and Statistics Division |
| 9 (RLIN) |
4087 |
| 245 ## - TITLE STATEMENT |
| Title |
Economic census, Uttar Pradesh, 1990 |
| 260 ## - PUBLICATION, DISTRIBUTION, ETC. (IMPRINT) |
| Place of publication, distribution, etc |
Lucknow |
| Name of publisher, distributor, etc |
Government of Uttar Pradesh |
| Date of publication, distribution, etc |
1990 |
| 300 ## - PHYSICAL DESCRIPTION |
| Extent |
71p. |
| 500 ## - GENERAL NOTE |
| General note |
Library has 1990 (provisional) |
| 650 ## - SUBJECT ADDED ENTRY--TOPICAL TERM |
| Topical term or geographic name as entry element |
Economic census - India - Uttar Pradesh |
| 9 (RLIN) |
4088 |
| 942 ## - ADDED ENTRY ELEMENTS (KOHA) |
| Source of classification or shelving scheme |
|